Beltraniopsis rhombispora and Hemibeltrania decorosa from leaf litter in the Atlantic Forest in southern Bahia, Brazil (Registro n. 330827)
[ somente texto ]
| 000 -LÍDER | |
|---|---|
| fixed length control field | 02724nab a2200289 i 4500 |
| 003 - CÓDIGO MARC DA AGÊNCIA CATALOGADORA | |
| Campo de controle | BR-BrBNA |
| 005 - DATA E HORA DA ÚLTIMA ATUALIZAÇÃO | |
| Campo de controle | 20250403095606.0 |
| 008 - CAMPO DE TAMANHO FIXO | |
| fixed length control field | 250403b2016 bl.qr|pooa||| 00| 0 eng | |
| 040 ## - FONTE DA CATALOGAÇÃO | |
| Agência catalogadora | BR-BrBNA |
| Idioma da catalogação | por |
| 072 ## - CATEGORIA AGRIS | |
| Código AGRIS | P34 |
| 072 ## - CATEGORIA AGRIS | |
| Código AGRIS | H20 |
| 100 ## - ENTRADA PRINCIPAL - NOME PESSOAL | |
| Nome pessoal | Santos, Marcos Vinícius Oliveira dos |
| 100 ## - ENTRADA PRINCIPAL - NOME PESSOAL | |
| Nome pessoal | Barbosa, Flávia Rodrigues |
| 100 ## - ENTRADA PRINCIPAL - NOME PESSOAL | |
| Nome pessoal | Luz, Edna Dora Martins Newman |
| 100 ## - ENTRADA PRINCIPAL - NOME PESSOAL | |
| Nome pessoal | Bezerra, José Luiz |
| 245 ## - TÍTULO PRINCIPAL | |
| Título principal | Beltraniopsis rhombispora and Hemibeltrania decorosa from leaf litter in the Atlantic Forest in southern Bahia, Brazil |
| 500 ## - NOTA GERAL | |
| Nota geral | Publicação on-line; 31 ref.; 1 illus.; Summaries (En, Pt) |
| 942 ## - ADDED ENTRY ELEMENTS (KOHA) | |
| Koha item type | Analítica |
| 520 ## - NOTA DE RESUMO | |
| Nota de conteúdo | <br/><br/>Abstract<br/><br/>Species of the Beltrania group are constantly identified in association with a variety of plant debris in Brazil<br/>and different localities of the world. Leaf litter samples of Myrcia splendens and Pera glabrata were collected<br/>in the Reserva Biológica de Una, municipality of Una, Bahia state, Brazil, in August 2012, and incubated in<br/>moist chambers. Two specimens related to Beltrania group were isolated and identified by morphological<br/>criteria. This study aimed to describe and illustrate Beltraniopsis rhombispora for the first time in Brazil.<br/>Hemibeltrania decorosa previously reported from Caatinga Biome, Bahia state, has been cited for the first<br/>time for Atlantic Forest.<br/><br/>Key words: Beltrania group, conidial fungi, diversity, hyphomycetes, taxonomy.<br/><br/><br/><br/><br/>Resumo<br/><br/>Espécies do grupo Beltrania são constantemente identificadas em associação com uma variedade de substratos<br/>vegetais em decomposição no Brasil e em diferentes localidades do mundo. Amostras de folhedo de Myrcia<br/>splendens e Pera glabrata foram coletadas na Reserva Biológica de Una, município de Una, estado da<br/>Bahia, Brasil, em agosto de 2012, e incubadas em câmara úmida. Dois espécimes relacionados ao grupo<br/>Beltrania foram isolados e identificados por critérios morfológicos. Este estudo objetivou descrever e ilustrar<br/>Beltraniopsis rhombispora pela primeira vez no Brasil. Hemibeltrania decorosa, anteriormente, reportada no<br/>bioma Caatinga, estado da Bahia, está sendo citada pela primeira vez na Mata Atlântica.<br/><br/>Palavras-chave: grupo Beltrania, fungos conidiais, diversidade, hifomicetos, taxonomia |
| 650 ## - ASSUNTO - THESAGRO | |
| Cabeçalho tópico ou nome geográfico | BELTRANIA RHOMBICA |
| 650 ## - ASSUNTO - THESAGRO | |
| Cabeçalho tópico ou nome geográfico | FUNGO |
| 650 ## - ASSUNTO - THESAGRO | |
| Cabeçalho tópico ou nome geográfico | BIODIVERSIDADE |
| 650 ## - ASSUNTO - THESAGRO | |
| Cabeçalho tópico ou nome geográfico | TAXONOMIA |
| 773 0# - ENTRADA ANALÍTICA | |
| Host Biblionumber | 709 |
| Registro do item | 349653 |
| Imprenta | Rio de Janeiro-RJ Jardim Botanico do Rio de Janeiro 1935 |
| Outro identificador | 2025-2173 |
| Título | Rodriguésia (Brazil) |
| ISSN | 0370-6583; 2175-7860 on-line |
| Colação | v. 67(4) p. 1067-1070; (2016) |
| Número de controle de registro | BR2025000240 |
| 856 ## - ACESSO E ENDEREÇO ELETRÔNICO | |
| Identificador uniforme de recurso - URI | https://www.scielo.br/j/rod/a/ndpTvzvCnsrf4xL6YWqkDxy/?format=pdf&lang=en |
Nenhum exemplar disponível.

BINAGRI